Les Grands Noms de l’Aviation đŸ…âœˆïž - Statistiques

Statistiques générales
  • Ce quiz a Ă©tĂ© pris 25 fois
  • Le rĂ©sultat moyen est 2 sur 7
Statistiques - réponses
Hint Réponse % Correct
Qui est l’as des as français de la 1Ăšre Guerre Mondiale ? RenĂ© Fonck - 75 victoires
88%
Auteur de Vol de Nuit ? Antoine de Saint-Exupéry
63%
Premier pilote du Concorde ? André Turcat
50%
Le plus grand as de la 1Ăšre Guerre Mondiale ? Manfred von Richthofen (Baron Rouge) - 80 victoires
6%
Qui était Papy Boyington ? Pilote de chasse américain, leader du Black Sheep Squadron
6%
Qui est Stephen Coonts ? Pilote de l’US Navy et auteur de Vol de l’intruder
6%
Qui est Pierre Clostermann ? Plus grand as français de la Seconde Guerre mondiale (33 victoires), auteur de Le Grand Cirque
6%
Aucun quiz correspondant
Distribution des résultats
% des personnes avec chaque résultat
Percentile par nombre de réponses
Votre historique - résultats
Vous n’avez pas pris ce quiz